| 000 | 00531nam a2200193 a 4500 | ||
|---|---|---|---|
| 001 | 1768117515522 | ||
| 003 | YourLibrary | ||
| 005 | 20260112125813.0 | ||
| 008 | 260111s1994##################000#0#eng## | ||
| 020 | _a9781853022630 | ||
| 082 | 0 | 4 |
_a302.2244 _bBHO |
| 100 | 1 |
_aBhola, H. S., _eauthor. |
|
| 245 | 1 | 0 | _aA Source Book for Literacy Work : |
| 260 |
_bJessica Kingsley Publishers, _c1994. |
||
| 300 | _a210 pages | ||
| 650 | 0 | _aLanguage Arts & Disciplines. | |
| 942 | _cENGLISH | ||
| 040 |
_aYourLibrary _beng _cYourLibrary |
||
| 999 |
_c608248 _d608248 |
||